000 00419nam a22001697a 4500
003 OSt
005 20211202103531.0
008 211202b |||||||| |||| 00| 0 eng d
020 _a053883644
040 _cHU
082 _a657
100 _aWOLK,H,J
_921460
245 _aACCOUNTING THEORY A CONCEPTUAL AND INSTITIUTIONAL APPEROCH
260 _aUNITED STSTE
_bAMERICA
_c1997
300 _a657
942 _2ddc
_cBOOKS
_n0
999 _c21103
_d21103